00520nam a22001697a 450000500170000001000150001702000260003203500140005803700090007208200140008110000260009524500660012125000060018726000560019327000760024930000250032520241203161639.0 aENG-142790 a9789355326515c495.00 aEN-126322 bDBAD a004.1621 aSantanu Chattopadhyay aMicroprocessors & Microcontrollers/cBy Santanu Chattopadhyay a1 aChennaibMc Graw Hill Education (India) c2022,2024 aAnjana Complex No: 5/90 A, Butt Road, St Thomas Mount bChennaie600116 axxii,362p.c25cm(hb)